000 00406nam a2200181Ia 4500
001 10081
005 20260306161805.0
008 260306t1998||||xx |||||||||||||| ||spa||
041 _aESP
082 _a882.1
_bE95
100 _aEurípides
_eAUT
245 0 _aLas diecinueve tragedias texto impreso
260 _c1998
300 _a
_c
650 _aGEN
654 _aCHU
942 _cLIB
_dJUS
_fJUS
_2ddc
_n
999 _c10081
_d10081